000 00595nam a2200193 i 4500
001 39769
003 ES-MaACL
005 20240606094857.0
007 t|
008 030304s1965 sp ||||1| spa d
245 0 0 _aCante flamenco
_b: [antología] /
_c[selección y estudio por Ricardo Molina].
260 _aMadrid :
_bTaurus,
_c[1965]
300 _a162 p. ;
_c18 cm.
490 1 _aSer y tiempo. Temas de España
700 0 _aMolina, Ricardo,
_d1916-1968
_981902
830 0 _aSer y tiempo. Temas de España
_9181807
852 _aES-MaACL
_jC-28320
_bR.56865
999 _c39769
_d39769